| 000 | 00457cam a2200193 4500 | ||
|---|---|---|---|
| 001 | D988 | ||
| 008 | 090401t1980 xxu||||| |||| 00| 0 eng d | ||
| 035 | _a(Sirsi) u49220 | ||
| 041 | _aeng | ||
| 050 | _a692.8 | ||
| 110 |
_aAqua Group _9865 |
||
| 245 | _aPre-contract practice for architects and quantity surveyors | ||
| 250 | _a6th | ||
| 260 |
_aLondon _bGranada _c1980 |
||
| 300 | _a101p. 23cm | ||
| 350 | _a4.95 | ||
| 942 | _n0 | ||
| 948 | _c04/03/1997 | ||
| 999 |
_c92529 _d92529 |
||